[Event "Hessen-chC"]
[Site "Frankfurt"]
[Date "2019.05.31"]
[Round "4"]
[White "Bernath, Markus"]
[Black "Klein, Simon"]
[Result "1-0"]
[WhiteElo "1561"]
[BlackElo "1369"]
[PlyCount "55"]
[EventDate "2019.05.30"]
[EventType "swiss"]
[EventRounds "7"]
[EventCountry "GER"]
[SourceTitle "EXT 2020"]
[Source "ChessBase"]
[SourceDate "2019.10.17"]
[SourceVersion "1"]
[SourceVersionDate "2019.10.17"]
[SourceQuality "1"]

1. e4 d6 2. d4 Nf6 3. Nc3 Nbd7 4. Bc4 e5 5. dxe5 dxe5 6. Nf3 Bb4 7. Bd2 c6 8. Qe2 b5 9. Bb3 a5 10. a4 Bxc3 11. Bxc3 bxa4 12. Bxa4 Ba6 13. Qe3 Qc7 14. Bb3 Bb5 15. Nd2 a4 16. Nc4 0-0 17. Ba2 Rfe8 18. 0-0 Nf8 19. Rfd1 Rad8 20. Nxe5 Rxd1+ 21. Rxd1 Rxe5 22. Bxe5 Qxe5 23. Qa7 Qe8 24. c4 Nxe4 25. cxb5 cxb5 26. Rd8 Qxd8 27. Qxf7+ Kh8 28. Qg8# 1-0

[Event "Hessen-chC"]
[Site "Frankfurt"]
[Date "2018.05.12"]
[Round "5"]
[White "Bernath, Markus"]
[Black "Klein, Simon"]
[Result "1-0"]
[WhiteElo "1224"]
[BlackElo "1383"]
[PlyCount "101"]
[EventDate "2018.05.10"]
[EventType "swiss"]
[EventRounds "7"]
[EventCountry "GER"]
[SourceTitle "EXT 2019"]
[Source "ChessBase"]
[SourceDate "2018.10.10"]
[SourceVersion "1"]
[SourceVersionDate "2018.10.10"]
[SourceQuality "1"]

1. e4 d6 2. d4 Nf6 3. Nc3 Nbd7 4. Nf3 e5 5. d5 Be7 6. Bb5 a6 7. Ba4 b5 8. Bb3 h6 9. Be3 Ng4 10. Qe2 Nf8 11. 0-0 Nxe3 12. Qxe3 g5 13. a4 b4 14. Ne2 g4 15. Ne1 a5 16. f3 h5 17. fxg4 hxg4 18. Qf2 Rh7 19. c4 Ng6 20. Nd3 Kd7 21. c5 Qh8 22. c6+ Kd8 23. g3 Bg5 24. Kh1 Be3 25. Qf6+ Ke8 26. Qxh8+ Nxh8 27. Bc2 Ba6 28. b3 Ng6 29. Rf6 Ke7 30. Raf1 Rah8 31. h4 Nxh4 32. gxh4 Rxh4+ 33. Kg2 Rh2+ 34. Kg3 R8h3+ 35. Kxg4 Rh7 36. Ng3 R7h4+ 37. Kf3 Bxd3 38. Bxd3 Kxf6 39. Kxe3+ Kg6 40. Rf3 Rb2 41. Nf5 Rxb3 42. Nxh4+ Kg5 43. Rxf7 Kxh4 44. Rxc7 Rc3 45. Ke2 Kg5 46. Rd7 Kf4 47. Rxd6 Ra3 48. c7 Ra2+ 49. Kd1 b3 50. c8Q Ra1+ 51. Qc1+ 1-0

[Event "Hessen-chC"]
[Site "Frankfurt"]
[Date "2018.05.11"]
[Round "3"]
[White "Shehab, Tarek"]
[Black "Klein, Simon"]
[Result "1/2-1/2"]
[WhiteElo "1218"]
[BlackElo "1383"]
[PlyCount "83"]
[EventDate "2018.05.10"]
[EventType "swiss"]
[EventRounds "7"]
[EventCountry "GER"]
[SourceTitle "EXT 2019"]
[Source "ChessBase"]
[SourceDate "2018.10.10"]
[SourceVersion "1"]
[SourceVersionDate "2018.10.10"]
[SourceQuality "1"]

1. e4 d6 2. d4 Nf6 3. Nc3 Nbd7 4. Nf3 e5 5. Bc4 Be7 6. 0-0 h6 7. Qd3 c6 8. Bd2 b5 9. Bb3 Qc7 10. Ne2 Nf8 11. Ng3 Ng6 12. dxe5 dxe5 13. Rfe1 0-0 14. c3 Rd8 15. Qe2 a5 16. Rad1 Nf4 17. Bxf4 exf4 18. Rxd8+ Bxd8 19. Nf5 Be6 20. Bxe6 fxe6 21. N5d4 e5 22. Nf5 Kh7 23. Rd1 Be7 24. Nxe7 Qxe7 25. Rd3 g5 26. Nd2 g4 27. f3 Rg8 28. Nb3 gxf3 29. Rxf3 a4 30. Nd2 Ng4 31. Nf1 Qc5+ 32. Kh1 Rd8 33. h3 Nf6 34. Rd3 Rxd3 35. Qxd3 Qf2 36. Nd2 Qc5 37. Qd8 Kg6 38. Nf3 a3 39. bxa3 Qxc3 40. Qd6 Qe3 41. Nxe5+ Kg5 42. Nf3+ 1/2-1/2

[Event "Frankfurt-chB"]
[Site "Frankfurt"]
[Date "2018.04.30"]
[Round "1"]
[White "Klein, Simon"]
[Black "Brendel, Lutz"]
[Result "1/2-1/2"]
[WhiteElo "1232"]
[BlackElo "1450"]
[PlyCount "86"]
[EventDate "2018.04.30"]
[EventType "swiss"]
[EventRounds "7"]
[EventCountry "GER"]
[SourceTitle "EXT 2019"]
[Source "ChessBase"]
[SourceDate "2018.10.10"]
[SourceVersion "1"]
[SourceVersionDate "2018.10.10"]
[SourceQuality "1"]

1. d4 e6 2. Nf3 c5 3. c3 d5 4. Nbd2 Nc6 5. e3 Nf6 6. Bd3 c4 7. Bc2 b5 8. Ne5 Qc7 9. f4 Bb7 10. Ndf3 h6 11. Bd2 Ne4 12. h4 Nxe5 13. Nxe5 Bd6 14. Qf3 0-0-0 15. g4 Bxe5 16. fxe5 a5 17. Bxe4 dxe4 18. Qh3 Bd5 19. h5 Rdf8 20. Rf1 Qe7 21. Ke2 g6 22. Rf6 g5 23. Raf1 Kc7 24. Qg3 Kb6 25. Kf2 Rh7 26. Rb1 Kc6 27. Qg1 Rb8 28. b3 Qc7 29. Qd1 Kd7 30. bxc4 Bxc4 31. a4 Bd3 32. Rb2 Qc4 33. Qb3 Qxb3 34. Rxb3 Bc2 35. Rxb5 Rxb5 36. axb5 Bd1 37. Kg3 Be2 38. Rf2 Bxb5 39. Bc1 Bc4 40. Rb2 a4 41. Rb7+ Kc6 42. Ra7 Bd3 43. Ba3 Kb5 1/2-1/2

[Event "Hessen-chB"]
[Site "Marburg"]
[Date "2017.??.??"]
[Round "6"]
[White "Klein, Simon"]
[Black "Huebner, Kai"]
[Result "0-1"]
[WhiteElo "1371"]
[BlackElo "1658"]
[PlyCount "72"]
[EventDate "2017.05.24"]
[EventType "swiss"]
[EventRounds "7"]
[EventCountry "GER"]
[SourceTitle "EXT 2018"]
[Source "ChessBase"]
[SourceDate "2017.10.13"]
[SourceVersion "1"]
[SourceVersionDate "2017.10.13"]
[SourceQuality "1"]

1. e4 d6 2. d4 Nd7 3. Nf3 Ngf6 4. e5 dxe5 5. dxe5 Ng4 6. e6 fxe6 7. Bc4 Nb6 8. Qxd8+ Kxd8 9. Bb3 g6 10. 0-0 Bg7 11. Nc3 c6 12. Bf4 Nd5 13. Rad1 Ke8 14. h3 Nxf4 15. hxg4 Nd5 16. Rfe1 Nxc3 17. bxc3 Bxc3 18. Re3 Bb4 19. c3 Bd6 20. Rde1 a5 21. Bxe6 Bxe6 22. Rxe6 Kd7 23. Nd2 b5 24. R6e2 Rhe8 25. Ne4 c5 26. Rd1 Kc6 27. Red2 Rad8 28. Rd5 c4 29. R1d4 Bc7 30. Rc5+ Kb6 31. Rdd5 Rxd5 32. Rxd5 Rd8 33. Rc5 Bd6 34. Rd5 Kc6 35. Rd2 Bc7 36. Rb2 Rd1# 0-1

[Event "Frankfurt-chB"]
[Site "Frankfurt"]
[Date "2014.06.02"]
[Round "6"]
[White "Preilowski, Benno"]
[Black "Klein, Simon"]
[Result "1/2-1/2"]
[WhiteElo "1291"]
[BlackElo "963"]
[PlyCount "94"]
[EventDate "2014.04.28"]
[EventType "swiss"]
[EventRounds "7"]
[EventCountry "GER"]
[SourceTitle "EXT 2015"]
[Source "ChessBase"]
[SourceDate "2014.11.20"]
[SourceVersion "1"]
[SourceVersionDate "2014.11.20"]
[SourceQuality "1"]

1. Nf3 Nc6 2. Nc3 e5 3. e4 Nf6 4. Bb5 d5 5. exd5 Nxd5 6. Bxc6+ bxc6 7. Nxd5 Qxd5 8. 0-0 Be7 9. d3 Bf5 10. Re1 e4 11. dxe4 Qxd1 12. Rxd1 Bxe4 13. Ne1 0-0 14. Bf4 Rab8 15. Be5 Rb5 16. Bxc7 Rxb2 17. Rd7 Bf6 18. Rad1 Rxa2 19. Bd6 Re8 20. Bc5 Bxc2 21. Nxc2 Rxc2 22. Bxa7 c5 23. g3 h6 24. Kg2 Ree2 25. Rf1 Bd4 26. Rxd4 cxd4 27. Bxd4 g5 28. h3 h5 29. Ra1 f5 30. Ra8+ Kf7 31. Ra7+ Ke6 32. Rg7 Kd5 33. Ba7 g4 34. hxg4 hxg4 35. Rg5 Ke4 36. Rg6 Kd5 37. Rg5 Re5 38. Bb8 Re8 39. Rxf5+ Ke4 40. Rf4+ Kd3 41. Ba7 Re4 42. Rf6 Ra2 43. Bc5 Re5 44. Rd6+ Kc4 45. Bb6 Ra6 46. Rd4+ Kb5 47. Bc7 Rg5 1/2-1/2